[Event "Open A Gorges"]
[Site "?"]
[Date "2018.07.08"]
[Round "4"]
[White "MUNKHBAYAR, Jannjaadorj"]
[Black "ROSER, Lionel"]
[Result "1-0"]
[WhiteElo "1981"]
[BlackElo "1906"]
[PlyCount "107"]
[SourceDate "2018.07.25"]

1. d4 Nf6 2. c4 g6 3. Nc3 Bg7 4. e4 d6 5. f3 O-O 6. Be3 Na6 7. Qd2 c5 8. Nge2
e5 9. d5 Bd7 10. h4 h5 11. Bh6 Qa5 12. Bxg7 Kxg7 13. a3 Rab8 14. Nc1 Nc7 15.
Ra2 b5 16. b4 cxb4 17. Nxb5 Nxb5 18. axb4 Qb6 19. cxb5 Bxb5 20. Bxb5 Qxb5 21.
Nd3 Qb6 22. Qf2 Qxf2+ 23. Kxf2 Rb7 24. Ra6 Rd8 25. Rc1 Ne8 26. Rac6 Rdd7 27.
Rc8 Kf8 28. Ke3 Ke7 29. R1c6 Rdc7 30. R8xc7+ Rxc7 31. Nxe5 Rb7 32. Nd3 Nf6 33.
Kd4 Nd7 34. f4 f6 35. Kc3 Nb6 36. Kd4 Nd7 37. Rc8 Nb6 38. Rh8 Rd7 39. f5 gxf5
40. exf5 Kf7 41. Rxh5 Kg7 42. Nf4 Re7 43. Ne6+ Kg8 44. g4 Nd7 45. g5 fxg5 46.
hxg5 Ne5 47. g6 Rb7 48. g7 Nf7 49. Kc3 Rb8 50. f6 Rc8+ 51. Kb3 Rc1 52. Ng5 Rg1
53. Nxf7 Kxf7 54. Rh8 1-0

[Event "Open A Gorges"]
[Site "?"]
[Date "2018.07.08"]
[Round "4"]
[White "FARDET, Elouan"]
[Black "FEGER, Rodolphe"]
[Result "1/2-1/2"]
[WhiteElo "1928"]
[BlackElo "1742"]
[PlyCount "85"]
[SourceDate "2018.07.25"]

1. e4 c5 2. Nf3 d6 3. g3 g6 4. Bg2 Bg7 5. O-O Nf6 6. Re1 Nc6 7. c3 O-O 8. d4
cxd4 9. cxd4 Bg4 10. Nc3 Qb6 11. Na4 Qa5 12. Re3 Rfc8 13. Bd2 Qh5 14. Be1 Nd7
15. d5 Nd4 16. Bc3 Nxf3+ 17. Bxf3 Bxf3 18. Qxf3 Qxf3 19. Rxf3 b5 20. Bxg7 Kxg7
21. Nc3 b4 22. Nb5 Rc4 23. b3 Rxe4 24. Rc1 Nc5 25. Rd1 Re2 26. Nd4 Rxa2 27. Nc6
Re8 28. Nxb4 Rb2 29. Nc6 Rxb3 30. Rxb3 Nxb3 31. Nxa7 Ra8 32. Nc6 Kf6 33. Rd3
Nc5 34. Rf3+ Kg7 35. Nxe7 Re8 36. Nc6 Re1+ 37. Kg2 Rd1 38. Nd8 f6 39. Re3 Rxd5
40. Re7+ Kg8 41. Re8+ Kg7 42. Re7+ Kg8 43. Re8+ 1/2-1/2

[Event "Open A Gorges"]
[Site "?"]
[Date "2018.07.08"]
[Round "4"]
[White "LE GOUIC, Brendan"]
[Black "BRIAND, Amaury"]
[Result "1-0"]
[WhiteElo "1817"]
[BlackElo "1639"]
[PlyCount "129"]
[SourceDate "2018.07.25"]

1. Nf3 d5 2. g3 c5 3. Bg2 Nc6 4. d3 Nf6 5. Nbd2 Bf5 6. c4 e6 7. O-O Be7 8. a3
O-O 9. Qc2 Qc7 10. Nb3 d4 11. e4 dxe3 12. fxe3 Rad8 13. e4 Bg6 14. Be3 b6 15.
Rad1 e5 16. Nc1 Bh5 17. Ne2 Rd7 18. h3 Rfd8 19. g4 Bg6 20. Nc3 Nd4 21. Qb1 Qd6
22. Bxd4 cxd4 23. Ne2 h5 24. g5 Nh7 25. h4 f6 26. Qc1 fxg5 27. hxg5 Bf7 28. Bh3
Be6 29. Bf5 Rf8 30. Ng3 h4 31. Bxh7+ Kxh7 32. Nxh4 Bg4 33. Rxf8 Bxf8 34. Rf1 g6
35. Rf6 Qe7 36. Nxg6 Qxf6 37. gxf6 Kxg6 38. Nf5 Bxf5 39. exf5+ Kxf6 40. Qe1
Rg7+ 41. Kf2 Rg5 42. Qe4 Rxf5+ 43. Ke2 Bh6 44. Qb7 Be3 45. b4 Rf2+ 46. Ke1 Kg5
47. Qe7+ Kf5 48. Qf7+ Kg4 49. Qxf2 Bxf2+ 50. Kxf2 Kf4 51. c5 bxc5 52. bxc5 Kf5
53. Kf3 Ke6 54. Ke4 a6 55. a4 a5 56. c6 Kd6 57. c7 Kxc7 58. Kxe5 Kc6 59. Kxd4
Kd6 60. Kc4 Kc6 61. d4 Kd6 62. Kb5 Kd5 63. Kxa5 Kxd4 64. Kb6 Kd5 65. a5 1-0

[Event "Open A Gorges"]
[Site "?"]
[Date "2018.07.08"]
[Round "?"]
[White "BOURDEAUX, Gabin"]
[Black "JOSSE, Mathilde"]
[Result "1-0"]
[WhiteElo "1894"]
[BlackElo "1734"]
[PlyCount "91"]
[SourceDate "2018.07.25"]

1. e4 c5 2. Nf3 Nf6 3. Nc3 d5 4. e5 Ne4 5. Qe2 Nxc3 6. dxc3 e6 7. Be3 Nc6 8.
O-O-O Be7 9. h4 a6 10. Bg5 b5 11. Bxe7 Qxe7 12. g4 c4 13. Qd2 a5 14. Nd4 Nxe5
15. Re1 Nd7 16. Nf5 Qc5 17. Nxg7+ Kd8 18. Qg5+ Kc7 19. Qf4+ Kb7 20. Qxf7 Rf8
21. Qxe6 Rxf2 22. Nf5 Ra6 23. Qe8 b4 24. Qe3 Rf6 25. Bh3 bxc3 26. Qxc3 Qc7 27.
Qd4 Qf4+ 28. Qxf4 Rxf4 29. Ne7 Rd4 30. Rd1 Rff4 31. Rxd4 Rxd4 32. Rd1 Rxd1+ 33.
Kxd1 Ne5 34. Nxc8 Kxc8 35. g5+ Kd8 36. Bf5 Ke7 37. Bxh7 Kf8 38. Bf5 d4 39. h5
Nf3 40. Be6 c3 41. bxc3 dxc3 42. g6 Ne5 43. Bb3 Kg7 44. Ke1 Nf3+ 45. Ke2 Nd4+
46. Kd3 1-0

[Event "Open A Gorges"]
[Site "?"]
[Date "2018.07.08"]
[Round "4"]
[White "MARTINEZ, Jean-Philippe"]
[Black "SWATEK, Wojciech"]
[Result "1-0"]
[WhiteElo "2028"]
[BlackElo "1877"]
[PlyCount "101"]
[SourceDate "2018.07.25"]

1. c4 Nf6 2. Nc3 e6 3. Nf3 c5 4. g3 Nc6 5. Bg2 d5 6. cxd5 Nxd5 7. O-O Be7 8. d4
Nxc3 9. bxc3 O-O 10. e4 Qa5 11. Qb3 Qc7 12. Be3 b6 13. Qc2 Bb7 14. Rfd1 Rfd8
15. Rac1 Rac8 16. Bf4 Bd6 17. e5 Be7 18. d5 Rxd5 19. Rxd5 exd5 20. e6 Qd8 21.
exf7+ Kh8 22. Qf5 g6 23. Qe6 Bf6 24. Bh6 Bg7 25. Bg5 Qf8 26. Qd7 Na5 27. Re1
Bc6 28. Qxa7 Nc4 29. Bh3 Ra8 30. Qc7 Bb5 31. Ne5 Qd6 32. f8=Q+ Qxf8 33. Nf7+
Kg8 34. Be6 Be8 35. Be7 Qxf7 36. Bxf7+ Bxf7 37. Bg5 h6 38. Re7 Rf8 39. Bf4 g5
40. Bd6 Bxc3 41. Rd7 Nxd6 42. Qxd6 Bd4 43. Kg2 Bg7 44. Qxb6 Bh5 45. Qc7 Bf3+
46. Kf1 Bd4 47. Rd8 c4 48. Rxf8+ Kxf8 49. Qd6+ Kf7 50. h4 Bf6 51. Qd7+ 1-0

[Event "Open A Gorges"]
[Site "?"]
[Date "2018.07.08"]
[Round "4"]
[White "GODEBERT, Florian"]
[Black "PRIMEL, Dominique"]
[Result "1-0"]
[WhiteElo "1901"]
[BlackElo "1951"]
[PlyCount "83"]
[SourceDate "2018.07.25"]

1. d4 Nf6 2. Bf4 e6 3. Nf3 c5 4. e3 Nc6 5. c3 Nh5 6. Bg5 Qb6 7. Na3 h6 8. Nc4
Qc7 9. Bh4 g5 10. Bg3 Nxg3 11. hxg3 cxd4 12. Nxd4 d5 13. Nxc6 bxc6 14. Qd4 Rg8
15. Nd2 e5 16. Qa4 Bd7 17. Qc2 e4 18. Be2 O-O-O 19. O-O-O Qa5 20. Kb1 Bg7 21.
Nb3 Qb6 22. c4 Kb8 23. cxd5 cxd5 24. Rxd5 Rc8 25. Qd2 Bc6 26. Rd6 Bf8 27. Rd4
Ka8 28. Rc1 Be7 29. Bg4 Rcd8 30. Qc2 Rxd4 31. Nxd4 Bd5 32. Bf5 Qa6 33. b3 Qb7
34. Ne2 Ba3 35. Rd1 Bc6 36. Qc4 Re8 37. Nd4 Bd5 38. Qa4 Qe7 39. Nc6 Qc5 40.
Nxa7 Rh8 41. Nb5+ Kb7 42. Nxa3 1-0

[Event "Open A Gorges"]
[Site "?"]
[Date "2018.07.08"]
[Round "4"]
[White "POURRAHNAMA, Amir"]
[Black "CAMUS, Harold"]
[Result "1-0"]
[WhiteElo "1791"]
[BlackElo "1599"]
[PlyCount "75"]
[SourceDate "2018.07.25"]

1. d4 d5 2. c4 e6 3. Nc3 Nf6 4. Nf3 c5 5. e3 Nc6 6. Be2 Be7 7. dxc5 Bxc5 8.
cxd5 exd5 9. O-O O-O 10. Bd3 Re8 11. a3 Bg4 12. b4 Bd6 13. Be2 Rc8 14. Bb2 Bb8
15. Nb5 Ne4 16. h3 Bh5 17. Nfd4 Bg6 18. Bg4 Nxd4 19. Nxd4 Rc4 20. f4 Ng3 21.
Rf3 h5 22. Rxg3 hxg4 23. Qxg4 Qf6 24. Rf1 Bd3 25. Rf2 g6 26. Nf3 d4 27. Nxd4 a5
28. Nf3 Qd8 29. Ne5 Bf5 30. Qf3 Rc2 31. Bd4 Bxe5 32. fxe5 Rxf2 33. Qxf2 axb4
34. Qxf5 b3 35. Rxg6+ fxg6 36. Qxg6+ Kf8 37. e6 Re7 38. Qh6+ 1-0

[Event "Open A Gorges"]
[Site "?"]
[Date "2018.07.08"]
[Round "5"]
[White "CHABRADZE, Boris"]
[Black "MUNKHBAYAR, Janjaadorj"]
[Result "1-0"]
[WhiteElo "2135"]
[BlackElo "1981"]
[PlyCount "97"]
[SourceDate "2018.07.25"]

1. e4 c5 2. Nf3 Nc6 3. d4 cxd4 4. Nxd4 Nf6 5. Nc3 e5 6. Ndb5 d6 7. Bg5 a6 8.
Na3 b5 9. Bxf6 gxf6 10. Nd5 Bg7 11. c3 f5 12. Bd3 Be6 13. Nxb5 axb5 14. Bxb5
Bd7 15. exf5 O-O 16. Qg4 Kh8 17. Qe4 Rb8 18. a4 Qg5 19. g4 Bh6 20. Rd1 Rg8 21.
h4 Qd8 22. g5 Bxg5 23. hxg5 Qxg5 24. Ne3 Qf4 25. Bxc6 Rxb2 26. Qxf4 exf4 27.
Bxd7 fxe3 28. fxe3 Rgg2 29. Bb5 Kg7 30. Rxd6 h5 31. Rxh5 Rg1+ 32. Bf1 Rb1+ 33.
Rd1 Rxf1+ 34. Kxf1 Rxd1+ 35. Ke2 Ra1 36. Rh4 Kf6 37. Rf4 Ke5 38. f6 Ra2+ 39.
Kd3 Ra3 40. Kc2 Ra1 41. Kb3 Re1 42. a5 Rxe3 43. Ra4 Kxf6 44. a6 Re8 45. a7 Ra8
46. Kc4 Ke5 47. Kc5 f5 48. Kc6 f4 49. Kb7 1-0

[Event "Open A Gorges"]
[Site "?"]
[Date "2018.07.08"]
[Round "5"]
[White "FEGER, Rodolphe"]
[Black "MIRAOUI, Karim"]
[Result "0-1"]
[WhiteElo "1742"]
[BlackElo "2002"]
[PlyCount "48"]
[SourceDate "2018.07.25"]

1. e4 c5 2. c3 d5 3. exd5 Qxd5 4. d4 Nf6 5. Nf3 Bg4 6. dxc5 Qxc5 7. h3 Bd7 8.
Be3 Qc7 9. Be2 e5 10. O-O Nc6 11. Nbd2 Be7 12. Nb3 Rd8 13. Qc1 Bf5 14. Nh4 Be6
15. Bc5 Nd5 16. Bxe7 Qxe7 17. Nf3 Nf4 18. Bb5 Qf6 19. Kh2 Nxh3 20. Bxc6+ bxc6
21. Qe3 Nf4 22. Qxe5 Qh6+ 23. Kg1 Rd5 24. Qe3 Rh5 0-1

[Event "Open A Gorges"]
[Site "?"]
[Date "2018.07.08"]
[Round "5"]
[White "LE GOUIC, Brendan"]
[Black "GODEBERT, Florian"]
[Result "0-1"]
[WhiteElo "1817"]
[BlackElo "1901"]
[PlyCount "68"]
[SourceDate "2018.07.25"]

1. g3 c5 2. Bg2 Nc6 3. c4 g6 4. d3 Bg7 5. Nd2 e5 6. e4 Nge7 7. h4 h5 8. Nb3 d6
9. Be3 a6 10. Nh3 b5 11. Nd2 Nd4 12. Bxd4 cxd4 13. b3 O-O 14. O-O Ra7 15. Kh2
Bh6 16. Qe2 Kg7 17. cxb5 axb5 18. a4 bxa4 19. Nc4 Be6 20. Ng5 Bxg5 21. hxg5 Nc6
22. Rfc1 axb3 23. Rxa7 Nxa7 24. f4 Bxc4 25. Rxc4 Qb6 26. Qb2 Nc6 27. Rxc6 Qxc6
28. Qxb3 exf4 29. gxf4 Qc1 30. f5 Qxg5 31. Qd5 Qf4+ 32. Kg1 Qe5 33. Qb7 g5 34.
Qd7 Rb8 0-1

[Event "Open A Gorges"]
[Site "?"]
[Date "2018.07.08"]
[Round "5"]
[White "FARDET, Elouan"]
[Black "MARTINEZ, Jean-Philippe"]
[Result "1-0"]
[WhiteElo "1928"]
[BlackElo "2028"]
[PlyCount "85"]
[SourceDate "2018.07.25"]

1. e4 c5 2. Nf3 g6 3. g3 Bg7 4. Bg2 Nc6 5. O-O Nf6 6. Re1 d6 7. h3 O-O 8. c3
Rb8 9. d4 cxd4 10. cxd4 Qa5 11. a3 Qh5 12. g4 Qa5 13. Nc3 b5 14. Bd2 Qd8 15.
Be3 Na5 16. Nd2 Nc4 17. Nxc4 bxc4 18. Qe2 Qa5 19. Rab1 Ba6 20. Qd2 Rfc8 21. f4
Nd7 22. f5 Nb6 23. Qf2 Na4 24. Nd5 Qd8 25. Bg5 Rb7 26. f6 exf6 27. Nxf6+ Bxf6
28. Bxf6 Qf8 29. e5 Rb3 30. exd6 Qxd6 31. Be5 Qd8 32. Rf1 Qe7 33. Bd5 Rb7 34.
Qd2 c3 35. Qh6 Qf8 36. Qf4 Qe7 37. Bxb7 Bxb7 38. bxc3 Ba8 39. Qh6 Qf8 40. Qh4
Qd8 41. Qxd8+ Rxd8 42. c4 Nc3 43. Rb8 1-0

[Event "Open A Gorges"]
[Site "?"]
[Date "2018.07.08"]
[Round "5"]
[White "BRIAND, Amaury"]
[Black "BOURDEAUX, Gabin"]
[Result "0-1"]
[WhiteElo "1639"]
[BlackElo "1894"]
[PlyCount "130"]
[SourceDate "2018.07.25"]

1. e4 c5 2. Nf3 e6 3. d4 cxd4 4. Nxd4 Nc6 5. Nc3 Qc7 6. Be3 a6 7. Qd2 Nf6 8. f3
b5 9. g4 Ne5 10. g5 Nh5 11. O-O-O Bb4 12. Kb1 Bxc3 13. Qxc3 Qxc3 14. bxc3 Bb7
15. Nb3 O-O 16. Na5 Rfb8 17. Bc5 Nc4 18. Nxb7 Rxb7 19. Kc1 Rc8 20. Bf2 Na3 21.
Kb2 b4 22. Bxa6 bxc3+ 23. Kxa3 Ra8 24. Rd6 Rb5 25. Ka4 Rb2 26. a3 Nf4 27. Be3
Ne2 28. Re1 Rxc2 29. Kb4 Rb2+ 30. Kc5 Ra7 31. Bxe2 c2 32. Ra6 Rc7+ 33. Kd6 Rc8
34. Kxd7 Rf8 35. Bc5 Rb1 36. Bd3 Rd1 37. Be3 Rxd3+ 38. Rd6 Rxd6+ 39. Kxd6 Rd8+
40. Kc7 Rd1 41. Re2 c1=Q+ 42. Bxc1 Rxc1+ 43. Kb6 Rc3 44. Rd2 Rb3+ 45. Kc5 f6
46. Rd8+ Kf7 47. Ra8 fxg5 48. a4 Rxf3 49. a5 Rh3 50. a6 Rxh2 51. a7 Ra2 52. Kb6
h5 53. Rd8 g4 54. a8=Q Rxa8 55. Rxa8 g3 56. Ra1 h4 57. Rg1 Kf6 58. Kc5 Ke5 59.
Kc4 Kxe4 60. Kc3 Kf3 61. Kd2 Kf2 62. Ra1 g2 63. Ra7 g5 64. Rf7+ Kg3 65. Rg7 g4
0-1

[Event "Open A Gorges"]
[Site "?"]
[Date "2018.07.08"]
[Round "5"]
[White "JOSSE, Mathilde"]
[Black "POURRAHNAMA, Amir"]
[Result "1/2-1/2"]
[WhiteElo "1734"]
[BlackElo "1791"]
[PlyCount "65"]
[SourceDate "2018.07.26"]

1. e4 e6 2. d4 d5 3. Nd2 Nf6 4. e5 Nfd7 5. Bd3 c5 6. c3 Nc6 7. Ne2 Be7 8. O-O
f5 9. Nf4 Nf8 10. Bb5 Kf7 11. Bxc6 bxc6 12. dxc5 Bxc5 13. Qh5+ Kg8 14. Nf3 Bd7
15. Nd4 Be7 16. g4 g6 17. Qh3 c5 18. Nf3 Qe8 19. Ng2 h5 20. gxh5 Rxh5 21. Qg3
Qf7 22. Bd2 Qg7 23. Nf4 Rh8 24. Ng5 Re8 25. b4 c4 26. Rae1 Bxg5 27. Qxg5 Nh7
28. Qg3 Kf7 29. Be3 Reg8 30. Bxa7 g5 31. Ng2 Qh6 32. Bd4 Qh4 33. Rb1 1/2-1/2

[Event "Open A Gorges"]
[Site "?"]
[Date "2018.07.08"]
[Round "5"]
[White "ROSER, Lionel"]
[Black "SWATEK, Wojciech"]
[Result "1-0"]
[WhiteElo "1906"]
[BlackElo "1877"]
[PlyCount "97"]
[SourceDate "2018.07.26"]

1. e4 c5 2. d4 e6 3. d5 d6 4. c4 Nf6 5. Nc3 Be7 6. g3 O-O 7. Bg2 e5 8. Nge2 Ne8
9. O-O Nd7 10. f4 exf4 11. gxf4 g6 12. Qe1 Ng7 13. Ng3 Bf6 14. Be3 a6 15. Rb1
Rb8 16. Nd1 b5 17. cxb5 axb5 18. Nf2 h5 19. Nd3 Ra8 20. a3 Ba6 21. e5 Be7 22.
e6 Nf6 23. f5 Ng4 24. fxg6 fxe6 25. Rxf8+ Qxf8 26. dxe6 Rb8 27. Bd2 Qf6 28. h3
Qd4+ 29. Nf2 Nxf2 30. Qxf2 Qxf2+ 31. Kxf2 Bh4 32. Bf4 Nf5 33. Be4 Nxg3 34. Bxg3
Be7 35. Rd1 b4 36. a4 Bc4 37. Bd5 Bxd5 38. Rxd5 Rc8 39. Rxh5 c4 40. Ke2 c3 41.
bxc3 bxc3 42. Bf4 c2 43. Bc1 Rc4 44. Kd2 Rxa4 45. Kxc2 Re4 46. Bb2 Rh4 47. Rxh4
Bxh4 48. Kd3 d5 49. Be5 1-0

[Event "Open A Gorges"]
[Site "?"]
[Date "2018.07.08"]
[Round "5"]
[White "PRIMEL, Dominique"]
[Black "CAMUS, Harold"]
[Result "1-0"]
[WhiteElo "1951"]
[BlackElo "1599"]
[PlyCount "85"]
[SourceDate "2018.07.26"]

1. Nf3 Nc6 2. d4 d5 3. c4 e6 4. Nc3 Nf6 5. Bg5 Be7 6. e3 O-O 7. Rc1 a6 8. Be2
dxc4 9. Bxc4 b5 10. Bd3 Bb7 11. O-O Nb4 12. Bb1 Nfd5 13. Nxd5 Bxd5 14. Bxe7
Qxe7 15. a3 Bxf3 16. Qxf3 Nd5 17. e4 Nf6 18. Qf4 Rac8 19. Qh4 Nd5 20. Qg3 Nb6
21. Rfd1 f5 22. exf5 exf5 23. Ba2+ Kh8 24. Re1 Qd8 25. Be6 f4 26. Qd3 Rb8 27.
Bf5 g6 28. Be4 Nc4 29. Qc3 Rb6 30. a4 Rbf6 31. axb5 axb5 32. b3 Nb6 33. Qxc7
Qxd4 34. Rcd1 Qb4 35. Qc2 Rc8 36. Qb2 Qc3 37. Qb1 Rff8 38. Bf3 Rfe8 39. h3 Rcd8
40. Rxe8+ Rxe8 41. Qa1 b4 42. Re1 Rc8 43. Rc1 1-0